| 000 | 00473nam a2200181Ia 4500 | ||
|---|---|---|---|
| 001 | 4015 | ||
| 005 | 20260306145725.0 | ||
| 008 | 260306t2012||||xx |||||||||||||| ||spa|| | ||
| 041 | _aESP | ||
| 082 |
_a306.432 _bR44 |
||
| 100 |
_aDomínguez Granda, Julio (ed.) _eAUT |
||
| 245 | 0 | _aLa responsabilidad social universitaria en la educacón a distancia | |
| 260 | _c2012 | ||
| 300 |
_a253 páginas : _c21cm. |
||
| 650 | _aGEN | ||
| 654 | _aCHU | ||
| 942 |
_cLIB _dJUS _fJUS _2ddc _n |
||
| 999 |
_c4015 _d4015 |
||